000 00625nam a22002057a 4500
005 20221210163330.0
008 221210b |||||||| |||| 00| 0 eng d
020 _a9789390467174
_cRs.499.00
040 _aLoreto College
041 _aBengali
082 _a891.44
_bTAG
100 _aTagore,Abanindranath
245 _aSahitya
_cAbanindranath Tagore;edited by Sudhangshusekhar Mukhopadhyay
_bRachanasamagra 3
260 _aKolkata
_bDey's Publishing
_c2021
300 _a408p
_b22cm
650 _aTagore,Abanindranath-Bengali literature
700 _4ed.
_aMukhopadhyay,Sudhangshusekhar
850 _aLCLIB
942 _cBK
999 _c43086
_d93565